LEADER 01151nam0-22003251i-450- 001 990008116980403321 005 20050527133359.0 010 $a88-217-2065-9 035 $a000811698 035 $aFED01000811698 035 $a(Aleph)000811698FED01 035 $a000811698 100 $a20050523d2005----km-y0itay50------ba 101 0 $aita 102 $aIT 105 $ay---n---001yy 200 1 $aCodice di procedura penale$ecommento alle novità normative, giurisprudenza$eartt. 1-746 c.p.p., processo minorile, giudice di pace, responsabilità amministrativa degli enti, immigrazione, violenza negli stadi$eaggiornato alla G. U. 13 novembre 2004, n. 267$fa cura di Giulio Garuti 210 $aMilano$cIPSOA$dc2005 215 $aXX, 1376 p.$d21 cm 225 1 $aCommentari 300 $aIn copertina: a cura di Angelo Giarda e Giorgio Spangher, aggiornamento alla II edizione 702 1$aGaruti,$bGiulio 710 01$aItalia$0423419 801 0$aIT$bUNINA$gRICA$2UNIMARC 901 $aBK 912 $a990008116980403321 952 $a6-158$b3889$fDSPCP 959 $aDSPCP 996 $aCodice di procedura penale$9200118 997 $aUNINA LEADER 01064nam0-2200277---450- 001 990009416160403321 005 20110908100837.0 035 $a000941616 035 $aFED01000941616 035 $a(Aleph)000941616FED01 035 $a000941616 100 $a20110905d1821----km-y0itay50------ba 101 0 $afre 200 1 $aDu Congrès de Troppau, ou examen des prètentions des monarchies absolues a l'ègard de la monarchie constitutionnelle de Naples, ouvrage de m. Bignon 210 $aA Naples$cde l'imprimerie du Journal Encyclopedique$d1821 215 $aXVIII, 140 p.$d20 cm 300 $aSul front.: Publié à Paris en janvier 1821. 676 $a321.87 700 1$aBignon,$bLouis Pierre Edouard$0307547 801 0$aIT$bUNINA$gRICA$2UNIMARC 901 $aAQ 912 $a990009416160403321 952 $aSG 300/A 16$bR. Bibl. 10447$fFLFBC 959 $aFLFBC 996 $aDu Congrès de Troppau, ou examen des prètentions des monarchies absolues a l'ègard de la monarchie constitutionnelle de Naples, ouvrage de m. Bignon$9759369 997 $aUNINA LEADER 01804nam# 22004333i 450 001 VAN0260665 005 20230928022214.342 017 70$2N$a9783540358084 100 $a20230703d1978 |0itac50 ba 101 $aeng 102 $aDE 105 $a|||| ||||| 200 0 $a2. / edited by M. G. Barratt and M. E. Mahowald 210 $aBerlin$cSpringer$d1978 215 $aviii, 488 p.$d24 cm 461 1$1001VAN0260662$12001 $aGeometric Applications of Homotopy Theory$eProceedings, Evanston, March 21-26, 1977$fedited by M. G. Barratt and M. E. Mahowald$1210 $aBerlin$cSpringer$d1978$1215 $a2 volumi$d24 cm$v2 606 $a55-XX$xAlgebraic topology [MSC 2020]$3VANC019672$2MF 606 $a00Bxx$xConference proceedings and collections of articles [MSC 2020]$3VANC021742$2MF 606 $a55Pxx$xHomotopy theory [MSC 2020]$3VANC024159$2MF 610 $aAlgebra$9KW:K 610 $aAlgebraic K-theory$9KW:K 610 $aApplications$9KW:K 610 $aCohomology$9KW:K 610 $aHomotopy$9KW:K 610 $aLie$9KW:K 610 $aManifolds$9KW:K 610 $aMorphism$9KW:K 620 $dBerlin$3VANL000066 702 1$aBarratt$bMichael G.$3VANV214782 702 1$aMahowald$bMark E.$3VANV082001 712 $aSpringer $3VANV108073$4650 801 $aIT$bSOL$c20240614$gRICA 856 4 $uhttps://doi.org/10.1007/BFb0068706$zE-book ? Accesso al full-text attraverso riconoscimento IP di Ateneo, proxy e/o Shibboleth 899 $aBIBLIOTECA DEL DIPARTIMENTO DI MATEMATICA E FISICA$1IT-CE0120$2VAN08 912 $fN 912 $aVAN0260665 950 $aBIBLIOTECA DEL DIPARTIMENTO DI MATEMATICA E FISICA$d08CONS e-book 6118 $e08eMF6118 20230710 996 $a2$961340 997 $aUNICAMPANIA